000 00547nam a2200181Ia 4500
999 _c36996
_d36996
003 OSt
005 20211102134858.0
008 190216s9999||||xx |||||||||||||| ||und||
020 _a9788174820556
040 _coclc
082 _a370.78
_bVAS/U
100 _aVashistha, K C
_98415
245 0 _aUGC NET/ JRF / SLET Teaching & Research Aptitude (General Paper-I) /
_cK C Vashistha
260 _bUpkar Prakashan,
_a2010.
_cAgra:
300 _a387p
650 _aReferences
942 _cBK
_2ddc
_h370.78
_iVAS/U
_k370.78
_mVAS/U